[Event "The Sage of Baltimore"]
[Site "SchemingMind.com"]
[Date "2009.02.20"]
[Round "-"]
[White "thefriediceman"]
[Black "David Hartley"]
[Result "1-0"]
[WhiteCountry "USA"]
[BlackCountry "ENG"]
[WhiteElo "1874"]
[WhiteRD "67"]
[BlackElo "1870"]
[BlackRD "69"]
[GameID "192527"]

1. e4 e5 2. Nf3 Nc6 3. Bc4 Bc5 4. c3 Nf6 5. d3 h6 6. h3 d6 7. b4 Bb6 8. a4 a6 9. O-O O-O 10. Nbd2 Re8
11. Bb3 Be6 12. Bxe6 Rxe6 13. Nc4 Ba7 14. Be3 Bxe3 15. Nxe3 Re7 16. Qb3 Rd7 17. Nd5 Nxd5 18. Qxd5 Rb8 19. b5 Ne7 20. Qb3 Qe8
21. Rfe1 Ra8 22. bxa6 bxa6 23. Rab1 Rdd8 24. Qc4 Qc6 25. Qxc6 Nxc6 26. Rb7 Rdc8 27. Reb1 Rab8 28. d4 exd4 29. cxd4 Ra8 30. Rc1 Rab8
31. Rcb1 a5 32. Rxb8 Rxb8 33. Rc1 Ne7 34. Rxc7
1-0

[Event "The Sage of Baltimore"]
[Site "SchemingMind.com"]
[Date "2009.02.20"]
[Round "-"]
[White "David Hartley"]
[Black "thefriediceman"]
[Result "1/2-1/2"]
[WhiteCountry "ENG"]
[BlackCountry "USA"]
[WhiteElo "1873"]
[WhiteRD "68"]
[BlackElo "1848"]
[BlackRD "67"]
[GameID "192529"]

1. e4 e5 2. Nf3 Nc6 3. Bb5 a6 4. Ba4 Nf6 5. d3 b5 6. Bb3 d6 7. O-O Na5 8. h3 c5 9. c3 Nxb3 10. Qxb3 Be6
11. Qc2 Be7 12. Be3 O-O 13. Nbd2 Nd7 14. Rfd1 f5 15. exf5 Bxf5 16. Qb3+ Kh8 17. c4 b4 18. Nf1 a5 19. Ng3 Bg6 20. Qc2 a4
21. Qd2 Nb8 22. b3 Nc6 23. Qe2 Bf6 24. Ne4 Bxe4 25. dxe4 Nd4 26. Bxd4 exd4 27. Rab1 axb3 28. axb3 Ra3 29. Qd3 Qe7 30. Re1 Be5
31. Nxe5 dxe5 32. Qd1 Qh4 33. f3 Rf6 34. Ra1 Rfa6 35. Rxa3 Rxa3 36. Re2 Qf6 37. Rb2 Qa6 38. Qd2 h6 39. Kh2 Qf6=
1/2-1/2

[Event "The Sage of Baltimore"]
[Site "SchemingMind.com"]
[Date "2009.02.24"]
[Round "-"]
[White "fjpv"]
[Black "Archon"]
[Result "1-0"]
[WhiteCountry "POR"]
[BlackCountry "CAN"]
[WhiteElo "2463"]
[WhiteRD "81"]
[BlackElo "1684"]
[BlackRD "64"]
[GameID "193510"]

1. e4 d6 2. d4 Nf6 3. Nc3 g6 4. Nf3 Bg7 5. Be2 O-O 6. O-O Nc6 7. Re1 Bg4 8. Be3 Bxf3 9. Bxf3 e5 10. d5 Ne7
11. g4 Nd7 12. Be2 h6 13. Qc1 Kh7 14. Qd2 b5 15. Bxb5 Rb8 16. Bxa7 Ra8 17. Be3 Rb8 18. a4 f5 19. f3 fxg4 20. fxg4 Nc5
21. Rf1 Rxf1+ 22. Rxf1 Qg8 23. b4 Nxa4 24. Bxa4 Rxb4 25. Bd7 Rb8 26. Be6 Qe8 27. Bxh6 Bxh6 28. g5 Bg7 29. Qe3
1-0

[Event "The Sage of Baltimore"]
[Site "SchemingMind.com"]
[Date "2009.02.24"]
[Round "-"]
[White "Archon"]
[Black "fjpv"]
[Result "0-1"]
[WhiteCountry "CAN"]
[BlackCountry "POR"]
[WhiteElo "1710"]
[WhiteRD "56"]
[BlackElo "2452"]
[BlackRD "82"]
[GameID "193517"]

1. d4 d5 2. e4 dxe4 3. Nc3 Nf6 4. f3 exf3 5. Nxf3 g6 6. Bc4 Bg7 7. Bf4 O-O 8. O-O Nc6 9. a3 Nh5 10. Be3 Bg4
11. Qd2 Bxf3 12. Rxf3 Nxd4 13. Rh3 Nf5 14. Kh1 Qxd2 15. Bxd2 Rad8 16. Bg5 h6 17. Bh4 Rd4 18. Be1 Rxc4 19. Rd1 e5 20. Rhd3 e4
21. Rd8 Ne3 22. Rxf8+ Kxf8
0-1

[Event "The Sage of Baltimore"]
[Site "SchemingMind.com"]
[Date "2009.04.14"]
[Round "-"]
[White "Fiesty 50"]
[Black "C. H. O'D. Schlechter"]
[Result "0-1"]
[WhiteCountry "ENG"]
[BlackCountry "USA"]
[WhiteElo "2245"]
[WhiteRD "94"]
[BlackElo "2492"]
[BlackRD "84"]
[GameID "199837"]

1. e4 d6 2. d4 Nf6 3. Nc3 g6 4. Be3 Bg7 5. Qd2 c6 6. f3 Qa5 7. g4 b5 8. Nge2 h5 9. g5 Nfd7 10. f4 Nb6
11. Bg2 Nc4 12. Qc1 b4 13. Nd1 Ba6 14. e5 O-O 15. c3 Rd8 16. Bf2 dxe5 17. fxe5 Nd7 18. cxb4= Qxb4+ 19. Qc3 Qb8 20. e6 fxe6
21. Bxc6 Nce5 22. Be4 Bb7 23. Qe3 Nc4 24. Qf3 Nde5 25. dxe5 Nd2
0-1

[Event "The Sage of Baltimore"]
[Site "SchemingMind.com"]
[Date "2009.04.14"]
[Round "-"]
[White "C. H. O'D. Schlechter"]
[Black "Fiesty 50"]
[Result "1/2-1/2"]
[WhiteCountry "USA"]
[BlackCountry "ENG"]
[WhiteElo "2444"]
[WhiteRD "79"]
[BlackElo "2319"]
[BlackRD "103"]
[GameID "199839"]

1. e4 c5 2. Nf3 Nc6 3. Bb5 e6 4. O-O Nge7 5. c3 a6 6. Ba4 b5 7. Bc2 Bb7 8. Qe2 d5 9. e5 d4 10. Be4 Nd5
11. d3 Be7 12. c4 Nb6 13. Na3 b4 14. Nc2 Nd7 15. Bf4 Qc7 16. b3=
1/2-1/2

[Event "The Sage of Baltimore"]
[Site "SchemingMind.com"]
[Date "2009.05.13"]
[Round "-"]
[White "mikewharvey"]
[Black "Pawel Koziol"]
[Result "0-1"]
[WhiteCountry "GBR"]
[BlackCountry "POL"]
[WhiteElo "1864"]
[WhiteRD "86"]
[BlackElo "1902"]
[BlackRD "101"]
[GameID "204428"]

1. c4 Nf6 2. Nc3 g6 3. g3 Bg7 4. Bg2 O-O 5. d4 d6 6. Nf3 Nc6 7. O-O a6 8. d5 Na5 9. Nd2 c5 10. Qc2 Rb8
11. b3 b5 12. Rb1 e5 13. b4 cxb4 14. Rxb4 Bf5 15. e4 Bd7 16. cxb5 axb5 17. Ba3 Qc7 18. Qd3 Qb6 19. Rfb1 Ng4 20. Qe2 Qc5
21. Nxb5 Rxb5 22. Rxb5 Qxa3 23. R5b2 f5 24. Qa6 Qc5 25. Qe2 Bh6
0-1

[Event "The Sage of Baltimore"]
[Site "SchemingMind.com"]
[Date "2009.05.12"]
[Round "-"]
[White "Pawel Koziol"]
[Black "mikewharvey"]
[Result "1-0"]
[WhiteCountry "POL"]
[BlackCountry "GBR"]
[WhiteElo "1827"]
[WhiteRD "105"]
[BlackElo "1898"]
[BlackRD "88"]
[GameID "204441"]

1. b3 e5 2. Bb2 Nc6 3. e3 d5 4. Bb5 Bd7 5. Bxc6 bxc6 6. Bxe5 Nf6 7. Nf3 Be7 8. O-O O-O 9. d3 Bg4 10. h3 Bh5
11. Nbd2 Nd7 12. Bb2 Bd6 13. c4 Ne5 14. Bxe5 Bxe5 15. d4 Bf6 16. Rc1 Be7 17. Qc2 Ba3 18. Rb1 Bg6 19. Qd1 Bxb1 20. Qxb1 Be7
21. Ne5 Qd6 22. c5 Qe6 23. Qd1
1-0

[Event "The Sage of Baltimore"]
[Site "SchemingMind.com"]
[Date "2009.06.10"]
[Round "-"]
[White "MichaelDV"]
[Black "smothered mate"]
[Result "1-0"]
[WhiteCountry "SWE"]
[BlackCountry "POL"]
[WhiteElo "2307"]
[WhiteRD "63"]
[BlackElo "1924"]
[BlackRD "71"]
[GameID "208057"]

1. d4 d5 2. Nf3 c5 3. c4 e6 4. cxd5 exd5 5. Nc3 Nc6 6. g3 Nf6 7. Bg2 Be7 8. O-O O-O 9. Bg5 c4 10. Ne5 Be6
11. Nxc6 bxc6 12. b3 Qa5 13. Qd2 Bb4 14. Bxf6 gxf6 15. Rfc1 Ba3 16. Rc2 Bf5 17. e4 Bg6 18. bxc4 dxc4 19. Qe2 Bb2 20. Rxb2 Qxc3
21. Rd1 Qa3 22. Rc2 c3 23. Qc4 Rfe8 24. Rxc3 Qb2 25. Rc2 Qb5 26. Qxc6 Qxc6 27. Rxc6 Bxe4 28. Bxe4 Rxe4 29. Rxf6 Rd8 30. Ra6 Rexd4
31. Rxd4 Rxd4 32. Rxa7 Rd1+ 33. Kg2 Ra1 34. Kf3 Kg7 35. Kg4 Kg6 36. Kf4 h6 37. Ra6+ Kg7 38. a4 Ra2 39. Kf3 Ra3+ 40. Kg2 Ra2
41. a5 Ra4 42. Ra8 Kg6 43. a6 Kg7 44. a7 Kh7 45. Kf3 Kg7 46. Ke3 Kh7 47. Kd3 Kg7 48. Kc3 Kh7 49. f4 Kg7 50. g4 Kh7
51. h4 Kg7 52. g5 hxg5 53. hxg5 Kh7 54. f5 Kg7 55. f6+ Kh7 56. g6+
1-0

[Event "The Sage of Baltimore"]
[Site "SchemingMind.com"]
[Date "2009.06.10"]
[Round "-"]
[White "smothered mate"]
[Black "MichaelDV"]
[Result "0-1"]
[WhiteCountry "POL"]
[BlackCountry "SWE"]
[WhiteElo "1914"]
[WhiteRD "62"]
[BlackElo "2412"]
[BlackRD "69"]
[GameID "208065"]

1. e4 c6 2. d4 d5 3. exd5 cxd5 4. c4 Nf6 5. Nc3 Nc6 6. Bg5 Qa5 7. Nf3 Bg4 8. Bxf6 exf6 9. cxd5 Bb4 10. Qe2+ Kf8
11. Qc4 Ne7 12. d6 Nd5 13. Rc1 Rc8 14. Qb5 Nxc3 15. bxc3 Rxc3 16. Rxc3 Bxc3+ 17. Kd1 Qxa2 18. Be2 Bxf3
0-1

[Event "The Sage of Baltimore"]
[Site "SchemingMind.com"]
[Date "2009.07.08"]
[Round "-"]
[White "fjpv"]
[Black "Robert Pallett"]
[Result "1/2-1/2"]
[WhiteCountry "POR"]
[BlackCountry "ENG"]
[WhiteElo "2461"]
[WhiteRD "82"]
[BlackElo "2250"]
[BlackRD "88"]
[GameID "211140"]

1. e4 c5 2. d4 cxd4 3. c3 Nf6 4. e5 Nd5 5. Nf3 Nc6 6. cxd4 d6 7. Bc4 Nb6 8. Bb5 dxe5 9. Nxe5 Bd7 10. Bxc6 Bxc6
11. O-O e6 12. Re1 Be7 13. Nxc6 bxc6 14. Nc3 O-O 15. Bf4 Qd7 16. Rc1 Rfd8 17. Be5 Nc4 18. g3 Nxe5 19. dxe5 Qc7= 20. Qe2 Rab8
21. Red1 Bc5 22. Kg2 Qa5 23. Rxd8+=
1/2-1/2

[Event "The Sage of Baltimore"]
[Site "SchemingMind.com"]
[Date "2009.10.11"]
[Round "-"]
[White "thefriediceman"]
[Black "Pawel Koziol"]
[Result "1-0"]
[WhiteCountry "USA"]
[BlackCountry "POL"]
[WhiteElo "1898"]
[WhiteRD "67"]
[BlackElo "1842"]
[BlackRD "98"]
[GameID "222701"]

1. e4 d6 2. d4 Nf6 3. Nc3 g6 4. f4 Bg7 5. Nf3 O-O 6. Bd3 Nc6 7. e5 dxe5 8. fxe5 Nh5 9. Be3 Bg4 10. Be2 f6
11. exf6 exf6 12. Qd2 Re8 13. O-O-O Ne7 14. Bc4+ Kh8 15. Qf2 Bxf3 16. Qxf3 f5 17. Qxb7 f4 18. Bf2 Nf5 19. Nb5 c6 20. Qxc6 Rc8
21. Qd5 Qa5 22. Na3 Qc7 23. g4 fxg3 24. hxg3 Nhxg3 25. Bxg3 Qxg3 26. Qd7 Qe3+ 27. Kb1 Red8 28. Qxa7 Ra8 29. Qc7 Rxd4 30. Nb5 Rxd1+
31. Rxd1 Qe5 32. Rd8+
1-0

[Event "The Sage of Baltimore"]
[Site "SchemingMind.com"]
[Date "2009.10.10"]
[Round "-"]
[White "Pawel Koziol"]
[Black "thefriediceman"]
[Result "0-1"]
[WhiteCountry "POL"]
[BlackCountry "USA"]
[WhiteElo "1889"]
[WhiteRD "100"]
[BlackElo "1887"]
[BlackRD "70"]
[GameID "222707"]

1. e4 e5 2. Nf3 Nc6 3. Bc4 Bc5 4. c3 Nf6 5. d3 a6 6. Bb3 d6 7. O-O h6 8. Nbd2 O-O 9. Re1 Ba7 10. Nf1 Re8
11. Ng3 Ne7 12. Nh4 Ng4 13. h3 Nxf2
0-1

[Event "The Sage of Baltimore"]
[Site "SchemingMind.com"]
[Date "2009.10.16"]
[Round "-"]
[White "C. H. O'D. Schlechter"]
[Black "fervac"]
[Result "1-0"]
[WhiteCountry "USA"]
[BlackCountry "NCA"]
[WhiteElo "2423"]
[WhiteRD "74"]
[BlackElo "1968"]
[BlackRD "83"]
[GameID "222868"]

1. e4 c5 2. Nf3 d6 3. d4 cxd4 4. Nxd4 Nf6 5. Nc3 a6 6. f4 e6 7. Qf3 Be7 8. g4 d5 9. e5 Nfd7 10. Be3 Nc6
11. O-O-O Qc7 12. Kb1 b5 13. Nf5 g6 14. Nxe7 Nxe7 15. Qf2 Bb7 16. Rg1 h5 17. Qh4 Nc5 18. Qf2 Rc8 19. Bxb5+ axb5 20. Nxb5 Qc6
21. Nd6+ Kf8 22. Nxc8 Ne4 23. Nxe7 Nxf2 24. Nxc6 Nxd1 25. Bc5+
1-0

[Event "The Sage of Baltimore"]
[Site "SchemingMind.com"]
[Date "2009.10.12"]
[Round "-"]
[White "fervac"]
[Black "C. H. O'D. Schlechter"]
[Result "0-1"]
[WhiteCountry "NCA"]
[BlackCountry "USA"]
[WhiteElo "1968"]
[WhiteRD "83"]
[BlackElo "2423"]
[BlackRD "74"]
[GameID "222877"]

1. d4 f5 2. e4 fxe4 3. Nc3 Nf6 4. f3 d5 5. Bg5 Nc6 6. Qd2 Bf5 7. O-O-O e6 8. g4 Bg6 9. h4 h6 10. Be3 exf3
11. Nxf3 Nxg4 12. Bh3 Bf5 13. Bf4 h5 14. Ne5 Ncxe5 15. dxe5 Be7 16. Bg5 c6 17. Bf4 Bxh4 18. Bxg4 Bxg4 19. Rdg1 O-O 20. Kb1 Rf5
21. Be3 Rxe5
0-1

[Event "The Sage of Baltimore"]
[Site "SchemingMind.com"]
[Date "2009.12.18"]
[Round "-"]
[White "thefriediceman"]
[Black "Robert Pallett"]
[Result "0-1"]
[WhiteCountry "USA"]
[BlackCountry "ENG"]
[WhiteElo "1882"]
[WhiteRD "80"]
[BlackElo "2272"]
[BlackRD "93"]
[GameID "231338"]

1. e4 c5 2. Nf3 Nc6 3. Bb5 g6 4. O-O Bg7 5. Re1 Nf6 6. c3 O-O 7. d3 d6 8. h3 Bd7 9. Be3 a6 10. Ba4 Qc7
11. Qd2 c4 12. Bc2 cxd3 13. Bxd3 Ne5 14. Nxe5 dxe5 15. Bh6 Rfd8 16. Bxg7 Kxg7 17. Qe3 Be6 18. Rd1 Rd6 19. Na3 Rc8 20. Nc2 Qb6
21. Qxb6 Rxb6 22. Rdb1 Rd8 23. Ne1 g5 24. b3 Rbd6 25. Bc2 Rd2 26. f3 Nh5 27. Rd1 Nf4 28. c4 Kg6 29. Rxd2 Rxd2 30. Rd1 Re2
31. Kf1 Kh5 32. Bb1 Kh4 33. Rc1 Kg3 34. Rc2 Rxc2 35. Bxc2 Nxg2
0-1

[Event "The Sage of Baltimore"]
[Site "SchemingMind.com"]
[Date "2009.12.18"]
[Round "-"]
[White "Robert Pallett"]
[Black "thefriediceman"]
[Result "1-0"]
[WhiteCountry "ENG"]
[BlackCountry "USA"]
[WhiteElo "2277"]
[WhiteRD "90"]
[BlackElo "1878"]
[BlackRD "85"]
[GameID "231344"]

1. e4 e5 2. Nf3 Nc6 3. Bc4 Bc5 4. c3 Nf6 5. d3 a6 6. O-O d6 7. Bb3 O-O 8. Nbd2 Ba7 9. h3 Ne7 10. Re1 Ng6
11. Nf1 h6 12. Ng3 Re8 13. d4 Be6 14. Be3 Qc8 15. Bc2 c5 16. d5 Bd7 17. c4 b5 18. b3 b4 19. Qc1 Kh7 20. Nf5 Bxf5
21. exf5 Ne7 22. g4 Nfg8 23. f6+ Ng6 24. Bf5 Qd8 25. h4 Kh8 26. h5 Nf8 27. fxg7+ Kxg7 28. g5 hxg5 29. Bxg5 f6 30. Bh4 Ne7
31. Bxf6+ Kf7 32. Qh6 Nxf5 33. Ng5+
1-0

[Event "The Sage of Baltimore"]
[Site "SchemingMind.com"]
[Date "2010.02.18"]
[Round "-"]
[White "C. H. O'D. Schlechter"]
[Black "MichaelDV"]
[Result "1-0"]
[WhiteCountry "USA"]
[BlackCountry "SWE"]
[WhiteElo "2398"]
[WhiteRD "95"]
[BlackElo "2205"]
[BlackRD "76"]
[GameID "238810"]

1. e4 e5 2. Nf3 Nc6 3. c3 d5 4. Qa4 Bd7 5. exd5 Nd4 6. Qd1 Nxf3+ 7. Qxf3 Bd6 8. Bc4 f5 9. d4 e4 10. Qe2 Nf6
11. Bg5 O-O 12. Nd2 Qe8 13. O-O-O b5 14. Bb3 a5 15. Bxf6 Rxf6 16. Bc2 a4 17. g4 a3 18. gxf5 axb2+ 19. Kxb2 b4 20. c4 Bxf5
21. Ra1 e3 22. fxe3 Bxc2 23. Kxc2 Ra3 24. Nb3 Qf7 25. Qg4 h5 26. Qe4 Rf2+ 27. Kd3
1-0

[Event "The Sage of Baltimore"]
[Site "SchemingMind.com"]
[Date "2010.02.18"]
[Round "-"]
[White "MichaelDV"]
[Black "C. H. O'D. Schlechter"]
[Result "1/2-1/2"]
[WhiteCountry "SWE"]
[BlackCountry "USA"]
[WhiteElo "2307"]
[WhiteRD "77"]
[BlackElo "2393"]
[BlackRD "82"]
[GameID "238815"]

1. e4 c6 2. Nc3 d5 3. Nf3 Nf6 4. e5 Ne4 5. Be2 Bf5 6. Nh4 Bd7 7. O-O e6 8. Nf3 Be7 9. d3 Nxc3 10. bxc3 O-O
11. Rb1 b5 12. c4 a5 13. c3 Na6 14. cxb5 cxb5 15. d4 b4 16. Bd2 Qb6 17. Qc2 Rfc8 18. Rfc1=
1/2-1/2

[Event "The Sage of Baltimore"]
[Site "SchemingMind.com"]
[Date "2010.09.17"]
[Round "-"]
[White "Robert Pallett"]
[Black "C. H. O'D. Schlechter"]
[Result "0-1"]
[WhiteCountry "ENG"]
[BlackCountry "USA"]
[WhiteElo "2188"]
[WhiteRD "95"]
[BlackElo "2417"]
[BlackRD "86"]
[GameID "260085"]

1. e4 c6 2. d4 d5 3. Nc3 dxe4 4. Nxe4 Bf5 5. Ng3 Bg6 6. h4 h6 7. h5 Bh7 8. Nf3 Nd7 9. Bd3 Bxd3 10. Qxd3 e6
11. Bf4 Qa5+ 12. Bd2 Bb4 13. Ne4 Ngf6 14. Nd6+ Ke7 15. Nc4 Bxd2+ 16. Nfxd2 Qc7 17. O-O-O Rhd8 18. Nf3 c5 19. Rh4 Kf8 20. Ne3 Rac8
21. Qa3 b5 22. Qa6 b4 23. Qb5 Kg8 24. dxc5 Rb8 25. Qc4 Nxc5 26. Rhd4 Rxd4 27. Rxd4 a5 28. Kb1 Nxh5 29. Ng4 Rc8 30. g3 Qb7
31. Qe2 Nd7 32. Qd3 Nhf6 33. Nxf6+ Nxf6 34. g4 g6 35. Kc1 Kg7
0-1

[Event "The Sage of Baltimore"]
[Site "SchemingMind.com"]
[Date "2010.09.17"]
[Round "-"]
[White "C. H. O'D. Schlechter"]
[Black "Robert Pallett"]
[Result "1/2-1/2"]
[WhiteCountry "USA"]
[BlackCountry "ENG"]
[WhiteElo "2417"]
[WhiteRD "86"]
[BlackElo "2188"]
[BlackRD "95"]
[GameID "260094"]

1. d4 d5 2. Nf3 Nf6 3. e3 e6 4. Bd3 c5 5. O-O Nc6 6. Nbd2 c4 7. Be2 Bd6 8. c3 O-O 9. b3 b5 10. Qc2 Qc7
11. bxc4 bxc4 12. e4 dxe4 13. Nxe4 Nxe4 14. Qxe4 Ne7 15. Qxa8 Bb7 16. Qxa7 Ra8 17. Qxa8+ Bxa8 18. a4 Nd5 19. Bd2 f6 20. Rfb1 g5
21. h3 h5 22. Ne1 Bh2+ 23. Kf1 Bf4 24. Bxf4 Qxf4 25. g3 Qc7 26. Bf3 h4 27. gxh4 gxh4 28. a5 Nxc3 29. Rc1 Bxf3 30. Nxf3 Nb5
31. a6=
1/2-1/2